000 00541pam a2200193 a 4500
020 _a8180616541
_c995.00
041 _aeng
_hNULL
082 _a617.7
_bHAM
100 _aHAMILTON, A .
245 _aMANAGEMENT OF DIABETIC RETINOPATHY /
_cNULL.
_hTextual Documents
260 _aNULL :
_bJAYPEE BROTHERS MEDICAL PUB. ,
_c2003.
300 _a296 :
_bVIII ;
_cNULL .
365 _a995.00
504 _aOPHTHALMOLOGY
653 _aOPHTHALMOLOGY
700 _aULBIG, M .
_aPOLKIGHORNE, P .
930 _a1921
999 _c796457
_d796457